| 000 | 01706nam a2200361 i 4500 | ||
|---|---|---|---|
| 001 | in902554008 | ||
| 005 | 20230623133623.0 | ||
| 008 | 230223s2023 nyua c 000 0beng | ||
| 020 |
_a9780593529003 _q(hardabck) |
||
| 035 | _a(OCoLC)1352474928 | ||
| 040 |
_aTnLvILS _beng _erda _cTnLvILS |
||
| 043 | _ae-uk-en | ||
| 092 |
_ajunior nonfiction _b92 Nightingale |
||
| 100 | 1 |
_aJohannes, Shelli R., _eauthor. _96372944 |
|
| 245 | 1 | 0 |
_aFlorence Nightingale / _cwritten by Shelli R. Johannes ; interior illustrations by Gillian Flint. |
| 264 | 1 |
_aNew York : _bPhilomel Books, an imprint of Penguin Random House LLC, _c[2023] |
|
| 264 | 4 | _c©2023. | |
| 300 |
_a59 pages : _billustrations ; _c20 cm. |
||
| 336 | _atext | ||
| 337 | _aunmediated | ||
| 338 | _avolume | ||
| 490 | 1 | _aShe persisted. | |
| 520 | _aWhen Florence Nightingale decided as a teenager that she wanted to become a nurse, her parents tried to talk her out of it, claiming that it wasn't a suitable profession for a woman. But she persisted in her career and went on to save countless lives of patients, especially of soldiers. Known as "The Lady with the Lamp," she is widely considered to be the founder of modern nursing. | ||
| 600 | 1 | 0 |
_aNightingale, Florence, _d1820-1910 _vJuvenile literature. _95718254 |
| 600 | 1 | 1 |
_aNightingale, Florence, _d1820-1910. |
| 650 | 0 |
_aNurses _zEngland _vBiography _vJuvenile literature. _95718255 |
|
| 650 | 0 |
_aWomen _vBiography _vJuvenile literature. _95702075 |
|
| 650 | 1 | _aNurses. | |
| 650 | 1 |
_aWomen _vBiography. _95693689 |
|
| 700 | 1 |
_aFlint, Gillian, _eillustrator. _95959646 |
|
| 830 | 0 |
_aShe persisted (Philomel Books) _96469383 |
|
| 942 |
_2ddc _cBOOK |
||
| 999 |
_c385457 _d385457 |
||